Новые технологические процессы. ... за 1965-1968 гг. (Запись № 6186793)

Подробности
000 -МАРКЕР
контрольное поле 01639nam2a22002651 4500
001 - ИДЕНТИФИКАТОР ЗАПИСИ
контрольное поле rc\3485891
005 - ИДЕНТИФИКАТОР ВЕРСИИ
контрольное поле 20250610023234.0
021 ## - НОМЕР ГОСУДАРСТВЕННОЙ РЕГИСТРАЦИИ
Код страны Российская Федерация
Номер [69-86688]
035 ## - ДРУГИЕ СИСТЕМНЫЕ НОМЕРА
Идентификатор записи (NLR Aleph) 007646925
100 ## - ДАННЫЕ ОБЩЕЙ ОБРАБОТКИ
Данные общей обработки 20130115d1969 |||y0rusy50 ca
101 0# - ЯЗЫК РЕСУРСА
Язык текста, звукозаписи и т.д. русский
102 ## - СТРАНА ПУБЛИКАЦИИ ИЛИ ПРОИЗВОДСТВА
Страна публикации Российская Федерация
105 ## - ПОЛЕ КОДИРОВАННЫХ ДАННЫХ: ТЕКСТОВЫЕ МАТЕРИАЛЫ, МОНОГРАФИЧЕСКИЕ
Кодированные данные о монографическом текстовом документе a z |||||
200 0# - ЗАГЛАВИЕ И СВЕДЕНИЯ ОБ ОТВЕТСТВЕННОСТИ
Основное заглавие ... за 1965-1968 гг.
Первые сведения об ответственности [Сост. С.Д. Алборова и Р.В. Жумалиева]
210 ## - ПУБЛИКАЦИЯ, РАСПРОСТРАНЕНИЕ И ДР.
Дата издания, распространения и т.д. 1969
Место издания, распространения и т.д. Б. м.
215 ## - ФИЗИЧЕСКАЯ ХАРАКТЕРИСТИКА
Специфическое обозначение материала и объем 180 с.
Другие сведения о физической характеристике черт.
461 #0 - УРОВЕНЬ НАБОРА
Встроенное поле 001rc\3485890
-- 2001#$aНовые технологические процессы$eСборник рефератов и аннотаций отечеств. и иностр. литературы и патентные формулы...$fВсесоюз. науч.-исслед. конструкторско-технол. ин-т подшипниковой пром-сти "ВНИПП"$v... за 1965-1968 гг.
Системный номер (АБИС) связанной записи 6186784
Место публикации Москва
Дата публикации 1969
Первые сведения об ответственности Всесоюз. науч.-исслед. конструкторско-технол. ин-т подшипниковой пром-сти "ВНИПП"
Имя издателя, распространителя и т.д. Специализир. информ. центр подшипниковой пром-сти
Сведения, относящиеся к заглавию Сборник рефератов и аннотаций отечеств. и иностр. литературы и патентные формулы...
Заглавие Новые технологические процессы
Номер тома ... за 1965-1968 гг.
702 #1 - ИМЯ ЛИЦА - ВТОРИЧНАЯ ОТВЕТСТВЕННОСТЬ
Начальный элемент ввода Алборова
Часть имени, кроме начального элемента ввода С.Д.
Код отношения Составитель
702 #1 - ИМЯ ЛИЦА - ВТОРИЧНАЯ ОТВЕТСТВЕННОСТЬ
Начальный элемент ввода Жумалиева
Часть имени, кроме начального элемента ввода Р.В.
Код отношения Составитель
801 #0 - ИСТОЧНИК ЗАПИСИ
Страна Российская Федерация
Организация NLR
Правила каталогизации psbo
801 #1 - ИСТОЧНИК ЗАПИСИ
Страна Российская Федерация
Организация ELAR
Источник данных rusmarc
852 ## - МЕСТОНАХОЖДЕНИЕ И ШИФР ХРАНЕНИЯ
Идентификатор организации NLR
Шифр хранения (Call Number) 69-5/4932
942 ## - ДОПОЛНИТЕЛЬНЫЕ ЭЛЕМЕНТЫ ЗАПИСИ (АБИС)
Тип экземпляра АБИС Книга
980 ## - КОЛЛЕКЦИЯ
Название коллекции Национальная библиография
Экземпляры
Тип экземпляра Дата поступления Библиотека постоянного хранения Библиотека текущего хранения Место хранения Шифр хранения Штрих-код Статус экземпляра
Книга 26.10.2013 РНБ (Московский) РНБ (Московский) Русский книжный фонд: издания с 1957 года 69-5/4932 7646925-10